000 00842nam a2200277 a 4500
001 BRCA_4597
005 20190320204730.0
008 240910s1966----sp-a######---#000-0#spa-#
041 _aspa
044 _asp
050 4 _aNA7776
_b.L66 1966
100 1 _aLópez Serrano, Matilde
_911564
245 1 0 _aPalacio Real de Madrid
_bguía turística
_cMatilde López Serrano.
250 _a2
260 _aMadrid
_bPatrimonio Nacional
_c1966
300 _a149 p.
_bil., 75 láminas, 1 plano
_c17 cm.
440 0 _aGuías turísticas. Patrimonio nacional
_v3
_911637
500 _aIncluye índice de láminas
500 _aEstado físico: Cubierta desprendida
500 _aCFG79
610 2 4 _aPalacio Nacional
_zMadrid
_911638
650 1 4 _aArte
_zMadrid
_97766
650 1 4 _aArquitectura española
_911639
902 _aGFM
942 _2lcc
_cB
999 _c4302
_d4302